| 000 | 00398nam a2200157Ia 4500 | ||
|---|---|---|---|
| 001 | 37492 | ||
| 005 | 20240114001934.0 | ||
| 007 | ta | ||
| 008 | 070611s g b000 u u | ||
| 082 |
_a820.1 _bMo 74 Co |
||
| 100 | _aMongia, P . | ||
| 245 | 0 |
_aContemporary of Post Colonial theory / _cP Mongia. _hTextual Documents |
|
| 653 | _aEnglish LIterature | ||
| 942 |
_2ddc _cBK |
||
| 999 |
_c37471 _d37471 |
||